00810nam a22002057a 4500999001700000003000900017008004100026040007100067082002300138100002100161245003700182260004100219300002800260505013400288650002000422650002900442942001600471945002000487952009700507 c18870d18870AR-CdUCM190515b ||||| |||| 00| 0 spa d aMUNICIPALIDAD PROVINCIAL DEL CUSCOcBIBLIOTECA MUNICIPAL DEL CUSCO 23ed.a330.1 /bA48 aAmadeo, Rómulo aEconomía política y social / aBuenos Aires :bImp. López,c1945. a351 páginas ;c22 cm. aContenido: La ciencia económica -- El método en la economía política -- Utilidad y valor -- Producción de la riqueza... aEconomía9382 aEconomía social921569 2ddccLIBROS aacvd2019-05-15 002ddc4070aSHbSHcCARTd2019-05-15g30.00o330.1 / A48pSH0000013721r2019-05-15yLIBROS